000 00652nim a2200253 a 4500
001 5627822
005 20180302053348.0
007 ssulunjlcnnnu
008 910211s1989 caunnn r pf eng
010 _a 91740166
020 _a0021969809
028 0 2 _aG19698.03/7
_bGlencoe Pub. Co.
040 _aDLC
_cDLC
041 _aeng
080 _a82 BER
082 _a82 BER
100 _a21
101 _aGJL
245 0 0 _aIntroducing literature
306 _a024500
511 0 _aRead by professional actors or by the authors themselves.
906 _a7
_bcbc
_corignew
_d2
_encip
_f19
_gy-genmusic
942 _2ddc
_cBK
999 _c44003
_d44003